Diagnostic Imaging in Ophthalmology/ (Record no. 36790)

MARC details
000 -LEADER
fixed length control field 00547nam a22001697a 4500
005 - DATE AND TIME OF LATEST TRANSACTION
control field 20241125110217.0
008 - FIXED-LENGTH DATA ELEMENTS--GENERAL INFORMATION
fixed length control field 241125b |||||||| |||| 00| 0 eng d
020 ## - INTERNATIONAL STANDARD BOOK NUMBER
ISBN 987-654321
082 ## - DEWEY DECIMAL CLASSIFICATION NUMBER
Classification number 617.70757
Item number DIA
245 ## - TITLE STATEMENT
Title Diagnostic Imaging in Ophthalmology/
Statement of responsibility, etc. Edited by Carlos F. Gonzalez ; Melvin H. Becker ; Joseph C. Flanagan
260 ## - PUBLICATION, DISTRIBUTION, ETC.
Place of Publication Tokyo :
Name of publisher, distributor, etc. Springer-Verlag ;
Date of publication, distribution, etc. 1985.
300 ## - PHYSICAL DESCRIPTION
Pages xi, 366 p. :
500 ## - GENERAL NOTE
General note Include Index.
650 ## - SUBJECT ADDED ENTRY--TOPICAL TERM
Subject / Department Medical / Ophthalmology
700 ## - ADDED ENTRY--PERSONAL NAME
Personal name Melvin H. Becker (Editor)
300 ## - PHYSICAL DESCRIPTION
-- ill ;
-- 26 cm.
952 ## - LOCATION AND ITEM INFORMATION (KOHA)
-- 0
-- 0
Holdings
Lost status Damaged status Collection code Permanent Location Current Location Shelving Location Date acquired Full Call Number Accession No./Barcode Date last seen Copy number item type Koha item type
    Medical Superior Information Resource Center (SIRC) Superior University- Central Library Superior Information Resource Center (SIRC) Superior University- Central Library Ophthalmology 11/25/2024 617.70757 DIA 1985 29780 11/25/2024 1 BOOK BOOK

Powered by Koha